<?xml version="1.0" encoding="UTF-8"?>
<record
    xmlns:xsi="http://www.w3.org/2001/XMLSchema-instance"
    xsi:schemaLocation="http://www.loc.gov/MARC21/slim http://www.loc.gov/standards/marcxml/schema/MARC21slim.xsd"
    xmlns="http://www.loc.gov/MARC21/slim">

  <leader>03185cas a2200433 a 4500</leader>
  <controlfield tag="001">12463427</controlfield>
  <controlfield tag="003">OSt</controlfield>
  <controlfield tag="005">20231016113827.0</controlfield>
  <controlfield tag="008">010707c19uu9999mauar p       0   a0eng  </controlfield>
  <datafield tag="010" ind1=" " ind2=" ">
    <subfield code="a">  2001202352</subfield>
  </datafield>
  <datafield tag="020" ind1=" " ind2=" ">
    <subfield code="a">020530964X</subfield>
  </datafield>
  <datafield tag="022" ind1="0" ind2=" ">
    <subfield code="a">1543-2505</subfield>
    <subfield code="l">1543-2505</subfield>
    <subfield code="2">1</subfield>
  </datafield>
  <datafield tag="035" ind1=" " ind2=" ">
    <subfield code="a">(OCoLC)ocm47815533 </subfield>
  </datafield>
  <datafield tag="040" ind1=" " ind2=" ">
    <subfield code="a">DLC</subfield>
    <subfield code="b">eng</subfield>
    <subfield code="c">DLC</subfield>
    <subfield code="d">NSD</subfield>
    <subfield code="d">DLC</subfield>
    <subfield code="d">OCLCQ</subfield>
    <subfield code="d">OCLCF</subfield>
    <subfield code="d">OCLCO</subfield>
    <subfield code="d">OCLCA</subfield>
  </datafield>
  <datafield tag="042" ind1=" " ind2=" ">
    <subfield code="a">pcc</subfield>
    <subfield code="a">nsdp</subfield>
  </datafield>
  <datafield tag="050" ind1="0" ind2="0">
    <subfield code="a">P91.28.Q53</subfield>
  </datafield>
  <datafield tag="082" ind1="1" ind2="0">
    <subfield code="a">384</subfield>
    <subfield code="2">13</subfield>
  </datafield>
  <datafield tag="100" ind1=" " ind2=" ">
    <subfield code="a">Cavanagh, Micheal T.</subfield>
    <subfield code="9">2573</subfield>
  </datafield>
  <datafield tag="210" ind1="0" ind2=" ">
    <subfield code="a">Quick guide Internet mass commun.</subfield>
  </datafield>
  <datafield tag="222" ind1=" " ind2="0">
    <subfield code="a">Quick guide to the Internet for mass communication. /</subfield>
  </datafield>
  <datafield tag="245" ind1="0" ind2="0">
    <subfield code="a">Quick guide to the Internet for mass communication. /</subfield>
    <subfield code="c">Michael T. Cavanagh, Doug Gotthoffer</subfield>
  </datafield>
  <datafield tag="246" ind1="1" ind2="8">
    <subfield code="a">Cavanagh, Gotthoffer quick guide to the internet for mass communication ... Allyn and Bacon</subfield>
  </datafield>
  <datafield tag="260" ind1=" " ind2=" ">
    <subfield code="a">Boston ;</subfield>
    <subfield code="a">London :</subfield>
    <subfield code="b">Allyn and Bacon,</subfield>
    <subfield code="c">2000.</subfield>
  </datafield>
  <datafield tag="300" ind1=" " ind2=" ">
    <subfield code="a">iv, 124 p. :</subfield>
    <subfield code="b">ill. ;</subfield>
  </datafield>
  <datafield tag="310" ind1=" " ind2=" ">
    <subfield code="a">Annual</subfield>
  </datafield>
  <datafield tag="505" ind1=" " ind2=" ">
    <subfield code="a">Contents: Introduction to the Internet: Some things you ought to know -- A brief history of the internet -- Using the world wide web for research -- In the name of the page -- The URL exposed -- Getting there from here -- You can go home (and to other pages) again -- Searching and search engines -- Internet gold is where you find it -- The (E)mail goes through -- Welcome to the internet, Miss Manners--Again -- Give your web browser some personality--Yours -- Mass communication and the internet -- Critical evaluation -- Activities in mass communication: Comparing professional journalism organizations -- Finding a new story topic -- Testing evidence -- Using reference encyclopedias, dictionaries, glossaries and thesauri -- Analyzing your audience -- Analyzing political ideologies -- Scavenger hunt on the internet -- Internet sites useful in mass communication: General search engines -- Internet directories -- Journalism -- Newspapers -- Public relations -- Broadcast links -- Advertising -- Music -- Books -- Careers -- Reference sources -- Electronic "E-zines" -- Email discussion groups -- State and local government agencies -- Multimedia and software -- Advocacy groups -- Writing tools -- Wire services -- Online magazines -- Magazine forums -- Legislative -- Demographic studies -- Psychographics -- Public opinion studies -- Live chat -- Live events -- Documentation: Your citation for exemplary research -- MLA Style -- APA Style -- </subfield>
  </datafield>
  <datafield tag="588" ind1=" " ind2=" ">
    <subfield code="a">Description based on: 2000 ed.</subfield>
  </datafield>
  <datafield tag="650" ind1=" " ind2="0">
    <subfield code="a">Mass media</subfield>
    <subfield code="x">Computer network resources</subfield>
    <subfield code="v">Periodicals.</subfield>
    <subfield code="9">1257</subfield>
  </datafield>
  <datafield tag="650" ind1=" " ind2="0">
    <subfield code="a">Internet</subfield>
    <subfield code="v">Periodicals.</subfield>
    <subfield code="9">1258</subfield>
  </datafield>
  <datafield tag="650" ind1=" " ind2="7">
    <subfield code="a">Internet.</subfield>
    <subfield code="2">fast</subfield>
    <subfield code="0">(OCoLC)fst00977184</subfield>
    <subfield code="9">1259</subfield>
  </datafield>
  <datafield tag="650" ind1=" " ind2="7">
    <subfield code="a">Mass media</subfield>
    <subfield code="x">Computer network resources.</subfield>
    <subfield code="2">fast</subfield>
    <subfield code="0">(OCoLC)fst01011234</subfield>
    <subfield code="9">1260</subfield>
  </datafield>
  <datafield tag="655" ind1=" " ind2="7">
    <subfield code="a">Periodicals.</subfield>
    <subfield code="2">fast</subfield>
    <subfield code="0">(OCoLC)fst01411641</subfield>
    <subfield code="9">637</subfield>
  </datafield>
  <datafield tag="700" ind1=" " ind2=" ">
    <subfield code="a">Gotthoffer, Doug</subfield>
    <subfield code="9">1262</subfield>
  </datafield>
  <datafield tag="856" ind1=" " ind2=" ">
    <subfield code="u">http://www.abacon.com</subfield>
  </datafield>
  <datafield tag="906" ind1=" " ind2=" ">
    <subfield code="a">7</subfield>
    <subfield code="b">cbc</subfield>
    <subfield code="c">serials</subfield>
    <subfield code="d">2</subfield>
    <subfield code="e">ncip</subfield>
    <subfield code="f">20</subfield>
    <subfield code="g">n-oclcserc</subfield>
  </datafield>
  <datafield tag="942" ind1=" " ind2=" ">
    <subfield code="2">lcc</subfield>
    <subfield code="c">BK</subfield>
  </datafield>
  <datafield tag="999" ind1=" " ind2=" ">
    <subfield code="c">9525</subfield>
    <subfield code="d">17025</subfield>
  </datafield>
  <datafield tag="952" ind1=" " ind2=" ">
    <subfield code="0">0</subfield>
    <subfield code="1">0</subfield>
    <subfield code="2">lcc</subfield>
    <subfield code="4">0</subfield>
    <subfield code="7">0</subfield>
    <subfield code="a">WIUC-KL</subfield>
    <subfield code="b">WIUC-KL</subfield>
    <subfield code="c">GEN</subfield>
    <subfield code="d">2023-03-08</subfield>
    <subfield code="l">0</subfield>
    <subfield code="o">P91.28.Q53</subfield>
    <subfield code="p">K/2921/0019/23</subfield>
    <subfield code="r">2023-04-20 00:00:00</subfield>
    <subfield code="w">2023-04-20</subfield>
    <subfield code="y">BK</subfield>
  </datafield>
</record>
